Maroon 5 Charting Songs (Billboard Hot 100) - Statistics

General Stats
  • This quiz has been taken 179 times
    78 since last reset
  • The average score is 15 of 33
Answer Stats
Album Weeks On Peak Artist(s) Song % Correct
Hands All Over 49 Weeks #1 (4 Weeks) Maroon 5 ft. Christina Aguilera Moves Like Jagger
95%
Red Pill Blues 52 Weeks #1 (7 Weeks) Maroon 5 ft. Cardi B Girls Like You
90%
V 42 Weeks #2 Maroon 5 Sugar
90%
Overexposed 31 Weeks #2 Maroon 5 ft. Wiz Khalifa Payphone
87%
V 33 Weeks #3 Maroon 5 Animals
85%
Jordi 41 Weeks #2 Maroon 5 Memories
79%
Songs About Jane 41 Weeks #5 Maroon 5 She Will Be Loved
79%
V 22 Weeks #6 Maroon 5 Maps
77%
Songs About Jane 43 Weeks #5 Maroon 5 This Love
77%
Overexposed 42 Weeks #1 (9 Weeks) Maroon 5 One More Night
69%
Red Pill Blues 22 Weeks #9 Maroon 5 ft. SZA What Lovers Do
56%
Jordi 25 Weeks #13 Maroon 5 ft. Megan Thee Stallion Beautiful Mistakes
54%
Hands All Over 20 Weeks #14 Maroon 5 Misery
54%
Red Pill Blues (Deluxe Edition) 20 Weeks #16 Maroon 5 ft. Future Cold
49%
It Won't Be Soon Before Long 26 Weeks #1 (4 Weeks) Maroon 5 Makes Me Wonder
49%
Songs About Jane 20 Weeks #31 Maroon 5 Sunday Morning
44%
Red Pill Blues (Deluxe Edition) 27 Weeks #6 Maroon 5 ft. Kendrick Lamar Don't Wanna Know
41%
Songs About Jane 22 Weeks #18 Maroon 5 Harder To Breathe
41%
Overexposed 25 Weeks #7 Maroon 5 Daylight
38%
Overexposed 21 Weeks #10 Maroon 5 Love Somebody
33%
It Won't Be Soon Before Long 20 Weeks #51 Maroon 5 ft. Rihanna If I Never See Your Face Again
28%
Red Pill Blues 24 Weeks #24 Maroon 5 Wait
28%
It Won't Be Soon Before Long 20 Weeks #48 Maroon 5 Won't Go Home Without You
28%
It Won't Be Soon Before Long 22 Weeks #19 Maroon 5 Wake Up Call
26%
Hands All Over 18 Weeks #55 Maroon 5 Never Gonna Leave This Bed
18%
V 13 Weeks #23 Maroon 5 This Summer's Gonna Hurt...
18%
Jordi 10 Weeks #41 Maroon 5 Nobody's Love
15%
Non-Album Single 1 Week #76 Maroon 5 & LISA Priceless
15%
V 3 Weeks #45 Maroon 5 It Was Always You
13%
Hands All Over 1 Week #84 Maroon 5 Stutter
13%
Hands All Over 1 Week #86 Maroon 5 Give a Little More
10%
The Hunger Games: Songs From District 12 and Beyond 1 Week #83 Maroon 5 ft. Rozzi Crane Come Away to the Water
8%
Overexposed 1 Week #80 Maroon 5 Wipe Your Eyes
3%
No matching quizzes found
Score Distribution
Percent of People with Each Score
Percentile by Number Answered
Your Score History
You have not taken this quiz since the last reset